00363nam a22001337a 450000500170000000800410001704100120005808200130007010000120008324500410009526000370013630000310017365000250020420240828130325.0240828b |||||||| |||| 00| 0 eng d aEnglish a349 LAW  lEnglish aThe Laws of South West Africa 1990  aWindhoek: bBy Authority, c1990 bxviii, 34 pages; c30 cm.  aLegal practice bLaw